000 00579cab a2200205 4500
001 ABS41535
008 090401t1989 xxu||||| |||| 00| 0 eng d
035 _a(Sirsi) u30796
041 _aeng
100 _aWeatherhead, P.
245 _aShipshape
260 _c1989
350 _a0
490 _aBuilding
_v254(7698) 13 October 1989, 55-58(4)
520 _aDescribes the refurbishment of Chatham Maritime to convert blocks of naval barracks into offices and laboratories .
650 _aCONVERSION
690 _aRefurbishment
_96264
942 _n0
948 _c04/03/1997
999 _c20753
_d20753